[Event "CAN-ch U2200"]
[Site "Kingston CAN"]
[Date "2019.04.19"]
[Round "2.23"]
[White "Latreille, Etienne"]
[Black "Zhu, Matthew"]
[Result "1-0"]
[WhiteElo "1956"]
[BlackElo "1892"]
[PlyCount "71"]
[EventDate "2019.04.18"]
[EventType "swiss"]
[EventRounds "9"]
[EventCountry "CAN"]

1. d4 d5 2. Nf3 Nf6 3. Bf4 c5 4. c3 Nc6 5. e3 Qb6 6. Qb3 c4 7. Qxb6 axb6 8. h3
b5 9. Na3 Na7 10. g4 e6 11. Nc2 Nc6 12. a3 b4 13. axb4 Rxa1+ 14. Nxa1 Ne4 15.
Nd2 Nf6 16. Bg2 Nd7 17. e4 Nb6 18. O-O Be7 19. b3 cxb3 20. Naxb3 O-O 21. Ra1
dxe4 22. Bxe4 f5 23. Bc7 Bd8 24. Bxd8 Nxd8 25. gxf5 exf5 26. Bg2 Ne6 27. h4 Rf6
28. c4 Nf4 29. Bf3 Rh6 30. c5 Nbd5 31. Ra8 Rc6 32. b5 Rc7 33. b6 Rc6 34. Na5
Rg6+ 35. Kf1 Ne7 36. Bxb7 1-0

[Event "CAN-ch U2200"]
[Site "Kingston CAN"]
[Date "2019.04.19"]
[Round "2.24"]
[White "Xu, Ruoying"]
[Black "Van Rooy, Jake"]
[Result "1-0"]
[WhiteElo "2053"]
[BlackElo "1959"]
[PlyCount "67"]
[EventDate "2019.04.18"]
[EventType "swiss"]
[EventRounds "9"]
[EventCountry "CAN"]

1. d4 g6 2. Nf3 Bg7 3. g3 d6 4. Bg2 Nd7 5. c4 Ngf6 6. Nc3 O-O 7. O-O e5 8. e4
exd4 9. Nxd4 c6 10. h3 Re8 11. Kh2 Nc5 12. Re1 a5 13. Nb3 Na6 14. Bf4 Be6 15.
Qxd6 Qb6 16. Qd2 Bxc4 17. e5 Nh5 18. Be3 Qc7 19. f4 Bf8 20. g4 Ng7 21. Red1 g5
22. Ne4 Red8 23. Nf6+ Kh8 24. Qc2 Bd3 25. Rxd3 Nb4 26. Qc4 Ne8 27. Rxd8 Rxd8
28. Nxe8 Rxe8 29. Rf1 Bg7 30. a3 b5 31. Qc3 a4 32. axb4 axb3 33. Qxc6 Bxe5 34.
Qxe8+ 1-0

[Event "CAN-ch U2200"]
[Site "Kingston CAN"]
[Date "2019.04.19"]
[Round "3.19"]
[White "Xu, Daniel"]
[Black "Latreille, Etienne"]
[Result "1/2-1/2"]
[WhiteElo "2081"]
[BlackElo "1956"]
[PlyCount "79"]
[EventDate "2019.04.18"]
[EventType "swiss"]
[EventRounds "9"]
[EventCountry "CAN"]

1. d4 d5 2. c4 c6 3. Nf3 Nf6 4. Nc3 e6 5. Bg5 Nbd7 6. e3 h6 7. Bh4 Be7 8. Bd3
dxc4 9. Bxc4 b5 10. Bd3 Bb7 11. O-O O-O 12. a3 Re8 13. e4 a6 14. b4 Ra7 15. Qc2
a5 16. Qb2 Nh5 17. Bxe7 Qxe7 18. e5 Rea8 19. Ne4 Nf4 20. Bc2 Nd5 21. Nd6 N7b6
22. bxa5 Rxa5 23. Nd2 f5 24. Nb3 Na4 25. Qc1 Ndc3 26. Bd3 R5a7 27. Qd2 Nd5 28.
Rfc1 Nab6 29. Nc5 Bc8 30. Qb2 Bd7 31. Bf1 Na4 32. Qb3 Nxc5 33. Rxc5 Ra4 34. Qb2
Qh4 35. Rd1 Rxa3 36. g3 Qd8 37. Bg2 Ra2 38. Qb1 Qa5 39. Bxd5 cxd5 40. Nxb5
1/2-1/2

[Event "CAN-ch U2200"]
[Site "Kingston CAN"]
[Date "2019.04.19"]
[Round "3.20"]
[White "Donev, Danail"]
[Black "England, Max"]
[Result "0-1"]
[WhiteElo "2007"]
[BlackElo "2021"]
[PlyCount "56"]
[EventDate "2019.04.18"]
[EventType "swiss"]
[EventRounds "9"]
[EventCountry "CAN"]

1. e4 e5 2. Nf3 Nc6 3. Bc4 Bc5 4. b4 Bxb4 5. c3 Ba5 6. d4 exd4 7. O-O Nge7 8.
Ng5 d5 9. exd5 Ne5 10. Qxd4 f6 11. Re1 Bb6 12. Qh4 N7g6 13. Qh5 Qe7 14. d6 cxd6
15. Bf7+ Kd7 16. Bxg6 hxg6 17. Qxh8 Bxf2+ 18. Kxf2 Nd3+ 19. Kf3 Nxe1+ 20. Kg3
fxg5 21. Bd2 Nc2 22. Na3 Qe5+ 23. Kf3 b6 24. Kf2 Nxa1 25. Nb5 Qxb5 26. Qxg7+
Kc6 27. c4 Qf5+ 28. Kg1 Nc2 0-1

[Event "CAN-ch U2200"]
[Site "Kingston CAN"]
[Date "2019.04.19"]
[Round "3.21"]
[White "Xu, Ruoying"]
[Black "Mercure, Gilbert"]
[Result "1/2-1/2"]
[WhiteElo "2053"]
[BlackElo "1892"]
[PlyCount "80"]
[EventDate "2019.04.18"]
[EventType "swiss"]
[EventRounds "9"]
[EventCountry "CAN"]

1. d4 d5 2. Nf3 Nc6 3. Bf4 Bg4 4. e3 e6 5. h3 Bxf3 6. Qxf3 Nf6 7. Bg5 e5 8. c3
e4 9. Qd1 h6 10. Bh4 g5 11. Bg3 Bd6 12. Bxd6 Qxd6 13. a4 Ne7 14. a5 a6 15. Nd2
h5 16. Be2 h4 17. Qb3 Rb8 18. Ra4 Nc6 19. c4 dxc4 20. Bxc4 O-O 21. Qa3 Rfd8 22.
O-O Qxa3 23. Rxa3 Nxd4 24. exd4 Rxd4 25. Rb3 Rxd2 26. Bxa6 Nd7 27. Rxb7 Ra8 28.
Bc4 Rxa5 29. Rxc7 Ne5 30. b4 Ra4 31. Rc5 Nxc4 32. Rxc4 Re2 33. Rc5 f6 34. Rc7
Rxb4 35. Rd1 Rb8 36. Rdd7 e3 37. Rg7+ Kh8 38. Rh7+ Kg8 39. Rcg7+ Kf8 40. Rf7+
Kg8 1/2-1/2

[Event "CAN-ch U2200"]
[Site "Kingston CAN"]
[Date "2019.04.19"]
[Round "3.22"]
[White "Doubleday, William"]
[Black "Joseph Benher, Savio"]
[Result "1-0"]
[WhiteElo "1942"]
[BlackElo "1746"]
[PlyCount "99"]
[EventDate "2019.04.18"]
[EventType "swiss"]
[EventRounds "9"]
[EventCountry "CAN"]

1. d4 Nf6 2. c4 e6 3. Nc3 Bb4 4. e3 b6 5. Nge2 Ba6 6. a3 Be7 7. Nf4 d5 8. cxd5
Bxf1 9. Kxf1 Nxd5 10. e4 Nxc3 11. bxc3 O-O 12. Be3 Nd7 13. g3 Nf6 14. Qf3 Qd7
15. Kg2 Qc6 16. e5 Qxf3+ 17. Kxf3 Nd5 18. Nxd5 exd5 19. a4 a6 20. Rab1 Rfb8 21.
Rb3 b5 22. Ra1 c6 23. Ke2 Kf8 24. f4 Ke8 25. f5 a5 26. Rab1 b4 27. Kd3 Kd7 28.
c4 Rc8 29. c5 Kc7 30. Rf1 Rf8 31. Bf4 Rae8 32. g4 Bd8 33. g5 Rg8 34. Rf3 h6 35.
gxh6 gxh6 36. Bxh6 Rg2 37. Bf4 Ra2 38. Rg3 Rh8 39. Rg7 Kc8 40. e6 fxe6 41. fxe6
Rxa4 42. Bd6 Ra2 43. Ke3 Bf6 44. Rf7 Bg5+ 45. Kf3 Ra3 46. Rxa3 bxa3 47. Ra7 Bd8
48. e7 Rh3+ 49. Kg2 Rd3 50. Ra8+ 1-0

[Event "CAN-ch U2200"]
[Site "Kingston CAN"]
[Date "2019.04.19"]
[Round "3.23"]
[White "Han, Johnathan"]
[Black "Zhao, Jeffrey Renfei"]
[Result "0-1"]
[WhiteElo "1979"]
[BlackElo "1968"]
[PlyCount "54"]
[EventDate "2019.04.18"]
[EventType "swiss"]
[EventRounds "9"]
[EventCountry "CAN"]

1. e4 e5 2. Nf3 Nc6 3. Bc4 Bc5 4. c3 Nf6 5. d3 a6 6. O-O Ba7 7. Nbd2 d6 8. Bb3
h6 9. Re1 O-O 10. h3 Be6 11. Bc2 Nh7 12. Nf1 f5 13. exf5 Bxf5 14. Ng3 Bg6 15.
Rf1 Qf6 16. Bb3+ Kh8 17. Ne4 Qe7 18. Ng3 Rad8 19. Ne2 d5 20. d4 Bh5 21. Nxe5
Nxe5 22. dxe5 Qxe5 23. Nf4 Qxf4 24. Qxh5 Bxf2+ 25. Kh1 Qd6 26. Bd2 Nf6 27. Qe2
Ne4 0-1

[Event "CAN-ch U2200"]
[Site "Kingston CAN"]
[Date "2019.04.19"]
[Round "3.24"]
[White "Van Rooy, Jake"]
[Black "Zhu, Matthew"]
[Result "1/2-1/2"]
[WhiteElo "1959"]
[BlackElo "1892"]
[PlyCount "68"]
[EventDate "2019.04.18"]
[EventType "swiss"]
[EventRounds "9"]
[EventCountry "CAN"]

1. g3 d5 2. Bg2 Nf6 3. Nf3 c5 4. c4 Nc6 5. O-O Bf5 6. Qa4 Bd7 7. cxd5 Nxd5 8.
Qc4 e6 9. Nc3 Nb6 10. Qb3 Be7 11. d3 O-O 12. Bf4 a6 13. Ne5 Nd4 14. Qd1 Qc8 15.
Nxd7 Qxd7 16. Rc1 Rfd8 17. b3 Rac8 18. Ne4 Nd5 19. Bd2 b5 20. Ba5 Rf8 21. Bd2
b4 22. Be3 f5 23. Nd2 Nc3 24. Rxc3 bxc3 25. Nc4 Qd8 26. f4 Bf6 27. Bf2 Rb8 28.
e3 Nb5 29. Qc2 Nd6 30. Ne5 Bxe5 31. fxe5 Nb5 32. a4 Na7 33. Qxc3 Qc7 34. Rc1
Rfc8 1/2-1/2

[Event "CAN-ch U2200"]
[Site "Kingston CAN"]
[Date "2019.04.20"]
[Round "4.19"]
[White "England, Max"]
[Black "Xu, Daniel"]
[Result "0-1"]
[WhiteElo "2021"]
[BlackElo "2081"]
[PlyCount "64"]
[EventDate "2019.04.18"]
[EventType "swiss"]
[EventRounds "9"]
[EventCountry "CAN"]

1. e4 c5 2. Nf3 d6 3. d4 cxd4 4. Nxd4 Nf6 5. Nc3 a6 6. Be3 e5 7. Nb3 Be6 8. f3
Be7 9. Qd2 O-O 10. O-O-O Nbd7 11. g4 b5 12. g5 b4 13. Ne2 Ne8 14. f4 a5 15. f5
a4 16. fxe6 axb3 17. exf7+ Rxf7 18. Kb1 Rxa2 19. Qxb4 Qa8 20. cxb3 d5 21. Qb5
d4 22. Ng3 Nc7 23. Qe2 dxe3 24. Qxe3 Bc5 25. Qc3 Bd4 26. Rxd4 exd4 27. Qxc7
Ra1+ 28. Kc2 Rf2+ 29. Be2 Rxe2+ 30. Nxe2 Qxe4+ 31. Kd2 Qe3+ 32. Kc2 Qxe2# 0-1

[Event "CAN-ch U2200"]
[Site "Kingston CAN"]
[Date "2019.04.20"]
[Round "4.20"]
[White "Mercure, Gilbert"]
[Black "Doubleday, William"]
[Result "0-1"]
[WhiteElo "1892"]
[BlackElo "1942"]
[PlyCount "104"]
[EventDate "2019.04.18"]
[EventType "swiss"]
[EventRounds "9"]
[EventCountry "CAN"]

1. e4 c5 2. d4 cxd4 3. c3 Nf6 4. e5 Nd5 5. Bc4 Nb6 6. Bb3 d5 7. cxd4 Nc6 8. Ne2
Bg4 9. f3 Bf5 10. Bg5 Qd7 11. Nbc3 h6 12. Be3 e6 13. O-O Be7 14. a3 O-O 15. Na4
Nc4 16. Bxc4 dxc4 17. Nac3 Rad8 18. Ne4 Na5 19. Rc1 b5 20. Qe1 Nb3 21. Rd1 Qb7
22. Qg3 Kh7 23. h4 a5 24. Qf4 Bxe4 25. fxe4 f5 26. d5 exd5 27. exf5 Bc5 28.
Bxc5 Nxc5 29. h5 Qe7 30. Nd4 Rde8 31. Nf3 Nd3 32. Rxd3 cxd3 33. Qd4 Qc7 34. Qg4
Rxe5 35. Qg6+ Kh8 36. Nxe5 Qxe5 37. f6 Qd4+ 38. Kh1 Rxf6 39. Rxf6 Qxf6 40. Qxd3
Qh4+ 41. Qh3 Qxh3+ 42. gxh3 Kg8 43. Kg2 Kf7 44. Kf3 Ke6 45. Kf4 a4 46. h4 Kf6
47. Kg3 Ke5 48. Kf3 d4 49. Kf2 Ke4 50. Ke2 d3+ 51. Kd1 Ke3 52. Ke1 d2+ 0-1

[Event "CAN-ch U2200"]
[Site "Kingston CAN"]
[Date "2019.04.20"]
[Round "4.21"]
[White "Latreille, Etienne"]
[Black "Elieff, Kosta"]
[Result "1-0"]
[WhiteElo "1956"]
[BlackElo "2035"]
[PlyCount "51"]
[EventDate "2019.04.18"]
[EventType "swiss"]
[EventRounds "9"]
[EventCountry "CAN"]

1. d4 Nf6 2. c4 c5 3. d5 e6 4. Nc3 exd5 5. cxd5 d6 6. e4 g6 7. Bd3 Bg7 8. Nge2
O-O 9. O-O Re8 10. Ng3 Na6 11. Bxa6 bxa6 12. Qc2 Rb8 13. Rb1 a5 14. b3 Ba6 15.
Re1 Ng4 16. Be3 f5 17. exf5 Qh4 18. Nf1 Bxf1 19. Kxf1 Bxc3 20. Qxc3 Rxe3 21.
Qd2 Nxh2+ 22. Kg1 Qg5 23. Qxe3 Qxe3 24. Rxe3 Ng4 25. Re6 Rf8 26. f3 1-0

[Event "CAN-ch U2200"]
[Site "Kingston CAN"]
[Date "2019.04.20"]
[Round "4.22"]
[White "Zhao, Jeffrey Renfei"]
[Black "Xu, Ruoying"]
[Result "0-1"]
[WhiteElo "1968"]
[BlackElo "2053"]
[PlyCount "108"]
[EventDate "2019.04.18"]
[EventType "swiss"]
[EventRounds "9"]
[EventCountry "CAN"]

1. e4 e5 2. Nf3 Nc6 3. Bc4 Bc5 4. c3 Nf6 5. d3 a6 6. Nbd2 d6 7. Bb3 Ba7 8. O-O
O-O 9. h3 Be6 10. Bc2 d5 11. Re1 dxe4 12. dxe4 Nh5 13. Nf1 Nf4 14. Ne3 Qxd1 15.
Nxd1 Rad8 16. Be3 f6 17. Bxa7 Nxa7 18. Ne3 Nb5 19. a4 Nd6 20. Rad1 Nc4 21. b3
Na3 22. c4 Nxc2 23. Nxc2 Nd3 24. Re3 Nc5 25. Rxd8 Rxd8 26. Kf1 Nxb3 27. Na3 Na5
28. Rc3 Bf7 29. Ke2 Be8 30. Rc2 Bxa4 31. Rb2 Bd1+ 32. Ke3 Bxf3 33. gxf3 Rd1 34.
Rb4 Ra1 35. Nc2 Ra2 36. Kd3 c5 37. Rb6 Ra4 38. Ne3 Ra3+ 39. Ke2 Ra2+ 40. Ke1 h5
41. h4 Ra4 42. Ke2 Nxc4 43. Nxc4 Rxc4 44. Rxb7 a5 45. Rb5 a4 46. Ra5 Kf7 47.
Kd3 Rd4+ 48. Kc3 Rb4 49. Rxc5 Rb3+ 50. Kd2 Rxf3 51. Ke2 Rh3 52. Ra5 a3 53. Ra4
Rxh4 54. Rxa3 Rxe4+ 0-1

[Event "CAN-ch U2200"]
[Site "Kingston CAN"]
[Date "2019.04.20"]
[Round "4.23"]
[White "Zhu, Matthew"]
[Black "Donev, Danail"]
[Result "1/2-1/2"]
[WhiteElo "1892"]
[BlackElo "2007"]
[PlyCount "52"]
[EventDate "2019.04.18"]
[EventType "swiss"]
[EventRounds "9"]
[EventCountry "CAN"]

1. e4 c5 2. Nf3 d6 3. d4 cxd4 4. Nxd4 Nf6 5. Nc3 a6 6. Be2 e5 7. Nb3 Be7 8. O-O
O-O 9. Be3 Be6 10. Qd2 Nbd7 11. a4 Rc8 12. a5 Qc7 13. Rfd1 Rfd8 14. Qe1 d5 15.
exd5 Bf5 16. Rac1 Bb4 17. Bd2 Nc5 18. Nxc5 Qxc5 19. Ne4 Bxd2 20. Nxf6+ gxf6 21.
Rxd2 Rxd5 22. b4 Qd6 23. Rxd5 Qxd5 24. c4 Qe4 25. Bf1 Qxe1 26. Rxe1 Be6 1/2-1/2

[Event "CAN-ch U2200"]
[Site "Kingston CAN"]
[Date "2019.04.20"]
[Round "4.24"]
[White "Joseph Benher, Savio"]
[Black "Han, Johnathan"]
[Result "1-0"]
[WhiteElo "1746"]
[BlackElo "1979"]
[PlyCount "105"]
[EventDate "2019.04.18"]
[EventType "swiss"]
[EventRounds "9"]
[EventCountry "CAN"]

1. e4 c5 2. Nf3 d6 3. d4 cxd4 4. Qxd4 a6 5. c4 Nc6 6. Qe3 Nf6 7. Nc3 g6 8. h3
Bg7 9. Be2 O-O 10. O-O Bd7 11. Rd1 Qc7 12. Rb1 Rfc8 13. b3 Rab8 14. Bb2 Ne5 15.
Nxe5 dxe5 16. Rbc1 h5 17. Nd5 Nxd5 18. exd5 f5 19. c5 f4 20. Qc3 Bf6 21. Qc4
Kg7 22. d6 exd6 23. Rxd6 Qxd6 24. cxd6 Rxc4 25. Rxc4 Rc8 26. Rxc8 Bxc8 27. Bf3
e4 28. Bxf6+ Kxf6 29. Bxe4 b6 30. h4 Bf5 31. Bxf5 gxf5 32. Kf1 Ke6 33. Ke2 Kxd6
34. Kf3 Ke5 35. a3 Kd4 36. Kxf4 Kc3 37. Kxf5 Kxb3 38. g4 Kxa3 39. gxh5 b5 40.
h6 b4 41. h7 b3 42. h8=Q b2 43. Qxb2+ Kxb2 44. h5 a5 45. h6 a4 46. h7 a3 47.
h8=Q+ Kb1 48. Qb8+ Kc2 49. Qc7+ Kb2 50. Qe5+ Kb1 51. Qb5+ Kc2 52. Qa4+ Kb2 53.
Qb4+ 1-0

[Event "CAN-ch U2200"]
[Site "Kingston CAN"]
[Date "2019.04.20"]
[Round "5.19"]
[White "Xu, Daniel"]
[Black "Doubleday, William"]
[Result "1/2-1/2"]
[WhiteElo "2081"]
[BlackElo "1942"]
[PlyCount "46"]
[EventDate "2019.04.18"]
[EventType "swiss"]
[EventRounds "9"]
[EventCountry "CAN"]

1. d4 d5 2. c4 c6 3. Nf3 Nf6 4. Nc3 e6 5. Bg5 h6 6. Bxf6 Qxf6 7. e3 Nd7 8. Bd3
dxc4 9. Bxc4 Bd6 10. O-O O-O 11. Ne4 Qe7 12. Nxd6 Qxd6 13. Rc1 b6 14. Qe2 Bb7
15. Rfd1 Rac8 16. e4 Qe7 17. Bd3 c5 18. Bb1 cxd4 19. Nxd4 Rxc1 20. Rxc1 a6 21.
Qe3 Rc8 22. Nb3 Rxc1+ 23. Qxc1 Qd6 1/2-1/2

[Event "CAN-ch U2200"]
[Site "Kingston CAN"]
[Date "2019.04.20"]
[Round "5.20"]
[White "Xu, Ruoying"]
[Black "Latreille, Etienne"]
[Result "1-0"]
[WhiteElo "2053"]
[BlackElo "1956"]
[PlyCount "63"]
[EventDate "2019.04.18"]
[EventType "swiss"]
[EventRounds "9"]
[EventCountry "CAN"]

1. d4 d5 2. Nf3 Nf6 3. Bg5 e6 4. e3 Nbd7 5. Bd3 h6 6. Bh4 c5 7. c3 Be7 8. O-O
O-O 9. Nbd2 a6 10. Ne5 Nxe5 11. dxe5 Nd7 12. Bxe7 Qxe7 13. f4 b5 14. Qh5 f5 15.
g4 Qf7 16. Qxf7+ Kxf7 17. gxf5 Nb6 18. fxe6+ Kxe6 19. Nf3 Ke7 20. Nh4 Kd8 21.
Ng6 Rf7 22. f5 Nc4 23. Bxc4 bxc4 24. e6 Rb7 25. Rf2 Rab8 26. Rd1 Rxb2 27. Rxd5+
Ke8 28. Rxb2 Rxb2 29. Rxc5 Bb7 30. Rc7 Kd8 31. Rd7+ Kc8 32. Rxg7 1-0

[Event "CAN-ch U2200"]
[Site "Kingston CAN"]
[Date "2019.04.20"]
[Round "5.21"]
[White "Mercure, Gilbert"]
[Black "England, Max"]
[Result "0-1"]
[WhiteElo "1892"]
[BlackElo "2021"]
[PlyCount "62"]
[EventDate "2019.04.18"]
[EventType "swiss"]
[EventRounds "9"]
[EventCountry "CAN"]

1. e4 e5 2. Nf3 Nc6 3. Bc4 Bc5 4. b4 Bxb4 5. c3 Ba5 6. d4 exd4 7. O-O Nge7 8.
Ng5 d5 9. exd5 Ne5 10. Qxd4 f6 11. Re1 Bb6 12. Qh4 Bf5 13. Qf4 Qd7 14. Nf3
Nxf3+ 15. Qxf3 O-O-O 16. Rxe7 Qxe7 17. Qxf5+ Kb8 18. Nd2 Qe1+ 19. Nf1 Qxc3 20.
Rb1 Qxc4 21. Be3 Qxd5 22. Qg4 Qxa2 23. Qb4 Rhe8 24. g3 Qd5 25. Bxb6 axb6 26.
Ne3 Qf3 27. Qa3 Rd2 28. Rf1 Re2 29. Qd3 R8xe3 30. Qd8+ Ka7 31. Qf8 Re1 0-1

[Event "CAN-ch U2200"]
[Site "Kingston CAN"]
[Date "2019.04.20"]
[Round "5.22"]
[White "Donev, Danail"]
[Black "Joseph Benher, Savio"]
[Result "0-1"]
[WhiteElo "2007"]
[BlackElo "1746"]
[PlyCount "128"]
[EventDate "2019.04.18"]
[EventType "swiss"]
[EventRounds "9"]
[EventCountry "CAN"]

1. e4 e6 2. d4 d5 3. Nc3 Bb4 4. Nge2 dxe4 5. a3 Bxc3+ 6. Nxc3 Nc6 7. d5 exd5 8.
Qxd5 Nf6 9. Qxd8+ Nxd8 10. Bg5 Nd7 11. Nxe4 Ne6 12. Be3 O-O 13. O-O-O Ne5 14.
h3 f5 15. Nc5 Nxc5 16. Bxc5 Re8 17. f4 Ng6 18. g3 Be6 19. Bg2 c6 20. Rhe1 Nf8
21. Rd6 a6 22. Bb4 Kf7 23. Bf3 Rad8 24. Rxd8 Rxd8 25. Rd1 Rxd1+ 26. Kxd1 Nd7
27. Kd2 Nf6 28. Kd3 Bd5 29. Bxd5+ Nxd5 30. Kd4 Ke6 31. Kc5 Kd7 32. Ba5 g6 33.
c4 Nf6 34. Kd4 Ke6 35. Be1 h5 36. h4 Ne4 37. a4 b6 38. b4 c5+ 39. bxc5 Nxc5 40.
Kc3 Nxa4+ 41. Kb4 Nc5 42. Bc3 Kd6 43. Bd4 Nd7 44. Be3 Kc6 45. Bd4 a5+ 46. Kc3
Nc5 47. Bg7 Ne4+ 48. Kd4 Kd6 49. Be5+ Kc6 50. Bg7 Nxg3 51. Ke5 Ne2 52. Bh6 a4
53. Kf6 a3 54. Kxg6 a2 55. Bg7 Nxf4+ 56. Kxf5 Ng2 57. Kg5 Kc5 58. Kxh5 Kxc4 59.
Kg4 Nxh4 60. Kxh4 b5 61. Kg4 b4 62. Kf3 Kd3 63. Kf2 b3 64. Ke1 Kc2 0-1

[Event "CAN-ch U2200"]
[Site "Kingston CAN"]
[Date "2019.04.20"]
[Round "5.23"]
[White "Elieff, Kosta"]
[Black "Zhu, Matthew"]
[Result "1-0"]
[WhiteElo "2035"]
[BlackElo "1892"]
[PlyCount "89"]
[EventDate "2019.04.18"]
[EventType "swiss"]
[EventRounds "9"]
[EventCountry "CAN"]

1. e4 c5 2. d4 cxd4 3. c3 dxc3 4. Nxc3 Nc6 5. Nf3 d6 6. Bc4 e6 7. O-O Be7 8.
Qe2 a6 9. Rd1 Qc7 10. Bf4 e5 11. Nd5 Qd8 12. Be3 Rb8 13. Bb6 Qd7 14. Rac1 Nf6
15. Nc7+ Kf8 16. Bxf7 Kxf7 17. Ng5+ Kg6 18. f4 Qg4 19. Qc4 Rf8 20. Nce6 Bxe6
21. Nxe6 exf4 22. h3 Qh4 23. Bf2 Qh6 24. g3 fxg3 25. Bxg3 Nh5 26. Rc3 Ne5 27.
Nxf8+ Rxf8 28. Bxe5 dxe5 29. Qe6+ Rf6 30. Qxe5 Bb4 31. Qe8+ Rf7 32. Rf1 Qg5+
33. Kh1 Qe7 34. Qxf7+ Qxf7 35. Rxf7 Bxc3 36. Rxb7 Bd4 37. Rb4 Bf6 38. Ra4 Bxb2
39. Rxa6+ Kg5 40. Rb6 Be5 41. Re6 Kf4 42. a4 Ng3+ 43. Kg2 Nxe4 44. a5 g5 45.
Rxe5 1-0

[Event "CAN-ch U2200"]
[Site "Kingston CAN"]
[Date "2019.04.20"]
[Round "5.24"]
[White "Van Rooy, Jake"]
[Black "Zhao, Jeffrey Renfei"]
[Result "0-1"]
[WhiteElo "1959"]
[BlackElo "1968"]
[PlyCount "120"]
[EventDate "2019.04.18"]
[EventType "swiss"]
[EventRounds "9"]
[EventCountry "CAN"]

1. g3 d5 2. Bg2 Nf6 3. Nf3 e6 4. c4 Be7 5. d4 O-O 6. O-O Nbd7 7. Qc2 Re8 8. b3
c6 9. Bb2 Bf8 10. Nbd2 Qc7 11. e4 dxe4 12. Nxe4 h6 13. Rad1 Nxe4 14. Qxe4 Nf6
15. Qc2 b6 16. Ne5 Bb7 17. Rfe1 Rad8 18. Rd3 c5 19. Bxb7 Qxb7 20. dxc5 Bxc5 21.
Rxd8 Rxd8 22. Nd3 Bd4 23. Bxd4 Rxd4 24. Nb2 Qd7 25. Rd1 Ne4 26. Rd3 Nc5 27.
Rxd4 Qxd4 28. Nd1 Nd3 29. Qd2 Qe4 30. Qe3 Qxe3 31. fxe3 Kf8 32. Nc3 Ke7 33. Kf1
Kd7 34. Ke2 Ne5 35. Nb5 a6 36. Nd4 Kd6 37. Nf3 Nxf3 38. Kxf3 Kc5 39. a3 a5 40.
Ke4 a4 41. bxa4 Kxc4 42. Ke5 Kb3 43. Kd6 Kxa4 44. Kc6 b5 45. Kc5 f5 46. h4 g5
47. h5 e5 48. Kd5 f4 49. exf4 exf4 50. gxf4 gxf4 51. Ke4 Kxa3 52. Kxf4 b4 53.
Kf5 b3 54. Kg6 b2 55. Kxh6 b1=Q 56. Kg7 Qb7+ 57. Kh8 Qc8+ 58. Kg7 Qd7+ 59. Kg6
Qg4+ 60. Kh6 Kb4 0-1

[Event "CAN-ch U2200"]
[Site "Kingston CAN"]
[Date "2019.04.21"]
[Round "6.19"]
[White "Xu, Daniel"]
[Black "Xu, Ruoying"]
[Result "0-1"]
[WhiteElo "2081"]
[BlackElo "2053"]
[PlyCount "62"]
[EventDate "2019.04.18"]
[EventType "swiss"]
[EventRounds "9"]
[EventCountry "CAN"]

1. d4 d5 2. c4 c6 3. Nf3 Nf6 4. Nc3 dxc4 5. a4 Bf5 6. e3 e6 7. Bxc4 Bb4 8. O-O
Nbd7 9. Qe2 Bg6 10. Bd3 Bh5 11. Ne4 Nxe4 12. Bxe4 O-O 13. Qc4 Bd6 14. Nd2 Nf6
15. Bf3 Bxf3 16. Nxf3 Rc8 17. Qe2 Ne4 18. Qd3 f5 19. Nd2 Bxh2+ 20. Kxh2 Qh4+
21. Kg1 Rf6 22. Nxe4 fxe4 23. Qe2 Rcf8 24. b3 Rh6 25. f4 exf3 26. Rxf3 Rxf3 27.
Qxf3 Qe1+ 28. Qf1 Rh1+ 29. Kxh1 Qxf1+ 30. Kh2 h5 31. Bb2 Qf2 0-1

[Event "CAN-ch U2200"]
[Site "Kingston CAN"]
[Date "2019.04.21"]
[Round "6.20"]
[White "England, Max"]
[Black "Joseph Benher, Savio"]
[Result "1-0"]
[WhiteElo "2021"]
[BlackElo "1746"]
[PlyCount "119"]
[EventDate "2019.04.18"]
[EventType "swiss"]
[EventRounds "9"]
[EventCountry "CAN"]

1. e4 e6 2. d4 d5 3. Nc3 Bb4 4. e5 b6 5. a3 Bf8 6. f4 Ne7 7. Nf3 Ba6 8. Bxa6
Nxa6 9. Qe2 Nb8 10. Be3 h5 11. O-O Nf5 12. Bf2 Be7 13. Nd1 Nc6 14. Qd3 Qd7 15.
Ne3 Nxe3 16. Bxe3 Bd8 17. Rac1 Ne7 18. Nh4 Ng8 19. Nf3 Nh6 20. c4 c6 21. a4 Nf5
22. Bd2 Be7 23. b4 O-O 24. c5 bxc5 25. bxc5 Rfb8 26. Rb1 Qc7 27. Rxb8+ Rxb8 28.
Rb1 Rxb1+ 29. Qxb1 Bd8 30. a5 a6 31. Qb4 Qc8 32. Ne1 Kf8 33. Nc2 Ke8 34. Qb3
Kd7 35. Bc3 Bc7 36. Kf2 Bd8 37. Ke2 Qc7 38. Qb6 Qxb6 39. axb6 Kc8 40. Na1 Kd7
41. Nb3 Kc8 42. Na5 Kd7 43. Nb7 Kc8 44. Nd6+ Nxd6 45. exd6 f5 46. Ba5 Kb7 47.
d7 Bf6 48. Be1 Bd8 49. Kf3 h4 50. g3 h3 51. g4 g5 52. Bd2 gxf4 53. Bxf4 a5 54.
gxf5 exf5 55. Kg3 a4 56. Bc1 Bf6 57. Kxh3 Bd8 58. Kg3 Be7 59. Kf4 a3 60. Bxa3
1-0

[Event "CAN-ch U2200"]
[Site "Kingston CAN"]
[Date "2019.04.21"]
[Round "6.21"]
[White "Doubleday, William"]
[Black "Latreille, Etienne"]
[Result "1-0"]
[WhiteElo "1942"]
[BlackElo "1956"]
[PlyCount "137"]
[EventDate "2019.04.18"]
[EventType "swiss"]
[EventRounds "9"]
[EventCountry "CAN"]

1. d4 d5 2. c4 e6 3. Nc3 Nf6 4. Nf3 Bb4 5. Bg5 c6 6. Rc1 Nbd7 7. a3 Be7 8. e3
O-O 9. Bd3 dxc4 10. Bxc4 Nb6 11. Bd3 Nfd5 12. Bxe7 Qxe7 13. Qc2 f5 14. O-O g5
15. Rfe1 Qg7 16. Ne5 Nd7 17. Nxd7 Bxd7 18. Bc4 Kh8 19. Qb3 b5 20. Bf1 Nb6 21.
Rcd1 a6 22. Qb4 Rf7 23. Qa5 Nd5 24. Rc1 g4 25. Nxd5 exd5 26. Qc7 Be8 27. Qf4
Bd7 28. Bd3 Rg8 29. Rf1 h5 30. Rc2 Qg5 31. Qe5+ Qf6 32. Qxf6+ Rxf6 33. f3 Rgf8
34. Rcf2 Kg7 35. e4 fxe4 36. fxe4 Rxf2 37. Rxf2 Rxf2 38. Kxf2 dxe4 39. Bxe4 a5
40. Ke3 Kf6 41. Kf4 Be8 42. b4 axb4 43. axb4 Bd7 44. g3 Be8 45. Bf5 Ke7 46. Ke5
Bf7 47. h4 gxh3 48. Bxh3 Bd5 49. Bf5 Bf7 50. Be4 Be8 51. Bf3 Kd7 52. Kf6 Kd6
53. Kg5 Bf7 54. Bxh5 Bxh5 55. Kxh5 Kd5 56. g4 Kxd4 57. g5 Kc4 58. g6 Kxb4 59.
g7 c5 60. g8=Q c4 61. Kg4 Ka3 62. Qd5 c3 63. Qd3 Kb2 64. Qxb5+ Ka1 65. Qa4+ Kb2
66. Qb4+ Kc2 67. Kf3 Kd3 68. Qe4+ Kd2 69. Qd4+ 1-0

[Event "CAN-ch U2200"]
[Site "Kingston CAN"]
[Date "2019.04.21"]
[Round "6.22"]
[White "Zhao, Jeffrey Renfei"]
[Black "Elieff, Kosta"]
[Result "1-0"]
[WhiteElo "1968"]
[BlackElo "2035"]
[PlyCount "59"]
[EventDate "2019.04.18"]
[EventType "swiss"]
[EventRounds "9"]
[EventCountry "CAN"]

1. e4 c5 2. Nf3 a6 3. c3 d5 4. exd5 Qxd5 5. d4 cxd4 6. cxd4 e6 7. Nc3 Qd6 8. g3
Nf6 9. Bg2 Nc6 10. O-O Be7 11. Re1 O-O 12. Bf4 Qd7 13. Qd2 Rd8 14. Rad1 Nd5 15.
Nxd5 exd5 16. a3 f6 17. h4 Bd6 18. Re2 Bxf4 19. Qxf4 Qf5 20. Re8+ Kf7 21. Rxd8
Qxf4 22. Rxc8 Qf5 23. Rxa8 Qc2 24. Rd2 Qc1+ 25. Kh2 Ne7 26. Bh3 Qc7 27. Re2 b6
28. h5 Nc6 29. Rc8 Qb7 30. Be6+ 1-0

[Event "CAN-ch U2200"]
[Site "Kingston CAN"]
[Date "2019.04.21"]
[Round "6.23"]
[White "Zhu, Matthew"]
[Black "Mercure, Gilbert"]
[Result "0-1"]
[WhiteElo "1892"]
[BlackElo "1892"]
[PlyCount "108"]
[EventDate "2019.04.18"]
[EventType "swiss"]
[EventRounds "9"]
[EventCountry "CAN"]

1. e4 d5 2. exd5 Nf6 3. d4 Bg4 4. f3 Bf5 5. c4 e6 6. dxe6 Nc6 7. a3 Qxd4 8. Ne2
Qxd1+ 9. Kxd1 Bxe6 10. Be3 Bxc4 11. Nbc3 Ne5 12. Nf4 Bxf1 13. Rxf1 Nc4 14. Bc1
O-O-O+ 15. Kc2 Bd6 16. h4 Bxf4 17. Bxf4 Rd4 18. Bg5 h6 19. Bxf6 gxf6 20. Rf2
Rhd8 21. g4 Rd2+ 22. Rxd2 Rxd2+ 23. Kb3 Na5+ 24. Ka4 Nc6 25. b4 Rd3 26. Ne4
Rxf3 27. Re1 a6 28. b5 axb5+ 29. Kxb5 Nd4+ 30. Kc4 Nc2 31. Re2 Rf4 32. a4 Rxg4
33. Kc3 Nd4 34. Re3 Rf4 35. h5 Nf5 36. Re1 Ng7 37. Nc5 b6 38. Rg1 Rf5 39. Ne4
Nxh5 40. Kd4 Nf4 41. Ke3 Ng6 42. Rc1 Re5 43. Kf3 Re6 44. Nc3 Ne5+ 45. Ke3 Rc6
46. Kd2 h5 47. Rh1 h4 48. Kc2 Rc4 49. Kb3 c6 50. Rg1 Rg4 51. Rh1 Nd7 52. Rh2
Nc5+ 53. Ka3 Rg3 54. Kb4 h3 0-1